Česká ekonomika v procesu globalizace : sborník příspěvků z mezinárodní ekonomické konference sekce: Manažer a jeho úloha pro úspěšnost podniku : Brno, 13.-14.9.2006

Saved in:
Bibliographic Details
Corporate Author: Česká ekonomika v procesu globalizace. Mezinárodní ekonomická konference
Other Authors: Částek, Ondřej
Format: Book
Language:Czech
Slovak
English
Published: Brno Masarykova univerzita v Brně 2006
Edition:1. vyd.
Subjects:
Tags: Add Tag
No Tags, Be the first to tag this record!

MARC

LEADER 00000nam a2200000 4500
001 0229421
005 20221207101021.5
020 |a 80-210-4089-0 
041 0 |a cze 
041 0 |a slo 
041 0 |a eng 
044 |a CZ 
245 1 0 |a Česká ekonomika v procesu globalizace : sborník příspěvků z mezinárodní ekonomické konference sekce: Manažer a jeho úloha pro úspěšnost podniku : Brno, 13.-14.9.2006  |c editor Ondřej Částek 
250 |a 1. vyd. 
264 1 |a Brno  |b Masarykova univerzita v Brně  |c 2006 
300 |a 298 s. 
610 2 0 |a riadenie podnikové 
610 2 0 |a manažéri 
610 2 0 |a konkurencieschopnosť 
610 2 0 |a pracovníci riadiaci 
610 2 0 |a zodpovednosť spoločenská 
610 2 0 |a kontroling podnikový 
610 2 0 |a riadenie ľudských zdrojov 
610 2 0 |a Česko 
700 1 |a Částek, Ondřej 
110 2 |a Česká ekonomika v procesu globalizace. Mezinárodní ekonomická konference